| 000 | 02350nam a22003377a 4500 | ||
|---|---|---|---|
| 005 | 20090825120337.0 | ||
| 008 | 090728t xxu||||| |||| 00| 0 pun d | ||
| 010 | _aPUN-6474 B-425725-729 | ||
| 020 |
_a9788171165452 _c250.00 |
||
| 035 | _aPN-5592 | ||
| 035 | _a B-425725-729 | ||
| 037 | _bDBAD / PUB | ||
| 037 | _bK.K.Publications(vendor) | ||
| 040 |
_adpl _bpn |
||
| 082 | _a853.08 | ||
| 100 |
_aਅਮਰਜੀਤ ਸਿੰਘ _924414 |
||
| 245 |
_aਪਾਣੀ ਅੰਦਰ ਲੀਕ / _cਅਮਰਜੀਤ ਸਿੰਘ |
||
| 246 |
_aPaani ander leek _bby Amarjeet singh |
||
| 260 |
_aਦਿੱਲੀ _bਨੈਸ਼ਨਲ ਬੁੱਕ ਸ਼ਾਪ _c2010 |
||
| 270 |
_aਪਲੱਈਅਰ ਗਾਰਡਨ ਮਾਰਕਿਟ, ਚਾਂਦਨੀ ਚੋਕ, _bਦਿੱਲੀ _k011-23264342, 64529291 _mnbs-bookshop@rediff mail.com. _e110 006 |
||
| 300 | 4 |
_a176 ਸਫੇ _c22 ਸੇਮੀ (ਸਜਿਲੱਦ) |
|
| 650 | _924412 | ||
| 942 |
_2ddc _cPN _h853.08 _mਅਮਰ |
||
| 999 |
_c48721 _d48721 |
||